Appropraite building technology: the katangi agricultural project of the undugu society of kenya (Record no. 34664)

MARC details
000 -LEADER
fixed length control field 00720nam a2200157 a 4500
008 - FIXED-LENGTH DATA ELEMENTS--GENERAL INFORMATION
fixed length control field 100208s1980 ||||||||||||||||| || u
050 ## - LIBRARY OF CONGRESS CALL NUMBER
Classification number UNIV.NAIR(02)
100 ## - MAIN ENTRY--PERSONAL NAME
Personal name Teerlink, Hans
245 10 - TITLE STATEMENT
Title Appropraite building technology: the katangi agricultural project of the undugu society of kenya
Statement of responsibility, etc. in collaboration with P. A. Erkelens
260 ## - PUBLICATION, DISTRIBUTION, ETC.
Place of publication, distribution, etc. Nairobi:
Name of publisher, distributor, etc. University of Nairobi, Housing Research and Development Unit
Date of publication, distribution, etc. 1980
300 ## - PHYSICAL DESCRIPTION
Extent iii, 63p.: ill
350 ## - PRICE (NR) (BK AM CF MU VM SE) [OBSOLETE]
Price 0.00
650 ## - SUBJECT ADDED ENTRY--TOPICAL TERM
Topical term or geographic name entry element BUILDING
650 ## - SUBJECT ADDED ENTRY--TOPICAL TERM
Topical term or geographic name entry element BUILDING CONSTRUCTION--CASE STUDIES--NAIROBI
995 ## - RECOMMENDATION 995 [LOCAL, UNIMARC FRANCE]
-- 0.00
-- CBU-MAIN LIBRARY (Kitwe)
-- 1
-- 0.00
-- 1
-- AVAILABLE
-- Feb 8, 2010
-- University Collection
Holdings
Withdrawn status Lost status Source of classification or shelving scheme Damaged status Not for loan Home library Current library Shelving location Date acquired Total Checkouts Full call number Barcode Date last seen Price effective from Koha item type
          CBU-MAIN LIBRARY, KITWE. CBU-MAIN LIBRARY, KITWE.   11/30/2022   UNIV.NAIR(02) Z03005793 11/30/2022 11/30/2022 MONOGRAPH